Municipios españoles más poblados que comienzan con T - Estadísticas

Estadísticas generales
  • Esta prueba ha sido intentada 488 veces
  • La puntuación promedio es 10 de 20
Estadísticas de respuestas
Población Municipio Comunidad % Correcto
138.326 Tarragona Cataluña
93%
85.818 Toledo Castilla-La Mancha
89%
36.155 Teruel Aragón
82%
225.274 Terrassa Cataluña
78%
84.102 Talavera de la Reina Castilla-La Mancha
74%
51.232 Torrelavega Cantabria
63%
138.197 Torrejón de Ardoz Com. de Madrid
62%
37.631 Tudela Navarra
61%
103.240 Telde Canarias
60%
87.329 Torrent Com. Valenciana
56%
89.729 Torrevieja Com. Valenciana
53%
70.345 Torremolinos Andalucía
48%
25.093 Torrelodones Com. de Madrid
41%
36.462 Tomelloso Castilla-La Mancha
37%
33.979 Totana Murcia
34%
38.839 Torre-Pacheco Murcia
28%
34.864 Tortosa Cataluña
28%
51.354 Tres Cantos Com. de Madrid
25%
24.701 Tacoronte Canarias
11%
25.492 Tomares Andalucía
7%
No se encontraron pruebas coincidentes
Distribución de puntuación
Porcentaje de gente con cada puntuación
Porcentaje por número respondido
Historial de tus puntuaciones
No has intentado esta prueba.